Doing business in Qinghai Province of China.
| Format: | Book |
|---|---|
| Published: |
Qinghai:
Ministry of Commerce of the People's Republic of China,
2006.
|
| Subjects: |
| LEADER | 00540cam a2200157 7i4500 | ||
|---|---|---|---|
| 001 | 0000019874 | ||
| 005 | 20071031090000.0 | ||
| 090 | 0 | 0 | |a CHIN 338.7 |b DOI |
| 245 | 0 | 0 | |a Doing business in Qinghai Province of China. |
| 260 | 0 | 0 | |a Qinghai: |b Ministry of Commerce of the People's Republic of China, |c 2006. |
| 300 | # | # | |a 57 p. |
| 650 | 0 | 0 | |a Business -- |z Qinghai, China |
| 650 | 0 | 0 | |a Doing business -- |z Qinghai, China |
| 650 | 0 | 0 | |a Investments -- |z Qinghai, China |
| 651 | 0 | 0 | |a Republic of China |
| 999 | |a 0000019842 |b Book |c Countries |e Business Information Centre | ||